| 000 | 00494nam a2200169Ia 4500 | ||
|---|---|---|---|
| 999 |
_c12888 _d12888 |
||
| 003 | OSt | ||
| 005 | 20201116160819.0 | ||
| 008 | 190216s9999||||xx |||||||||||||| ||und|| | ||
| 040 | _coclc | ||
| 082 |
_a428.1 _bDAS/A |
||
| 100 |
_aDaswani, C J _96607 |
||
| 245 | 0 |
_aAdverbials Of Time And Locatioin In English / _cC J Daswani |
|
| 260 |
_bOrient Longman, _c1977. _aNew delhi; |
||
| 300 | _a139p | ||
| 650 | _aEnglish Story | ||
| 942 |
_cBK _2ddc _h428.1 _iDAS/A _k428.1 _mDAS/A |
||